| 000 | 01179cam a2200241 4500 | ||
|---|---|---|---|
| 001 | ABS66113 | ||
| 008 | 021021n2002 000 0 eng u | ||
| 035 | _a(Sirsi) u120195 | ||
| 100 | _aPrice, J. | ||
| 245 | _aFocus on waste | ||
| 260 | _c2002 | ||
| 490 |
_aEnergy and Environmental Management _v 1-12(12) |
||
| 520 | _aSeries of articles which focus on waste and recycling. Topics covered include the challenge to deliver a more sustainable waste management solution; the challenge to environmental policy makers in the UK to translate sustainable EU directives into practice; highlighting how companies throw away profit in the forms of avoidable waste; describing the Waste and resources action programme (WRAP); outlining some waste management projects; describing RMC Aggregates strategy for managing waste and looking at solutions to the fridge mountain. Gives list of contacts. | ||
| 590 | _aABS | ||
| 650 | _aRECYCLING | ||
| 650 | _aRECYCLED AGGREGATES | ||
| 650 | _aEU DIRECTIVES | ||
| 650 | _aSUSTAINABLE DEVELOPMENT | ||
| 650 | _aPROJECTS | ||
| 650 | _aELECTRICAL GOODS | ||
| 690 | _aENVIRONMENTAL AND LAND CONSULTANCY-WASTE MANAGEMENT | ||
| 942 | _n0 | ||
| 999 |
_c71395 _d71395 |
||